| 000 | 00380pab a2200145 454500 | ||
|---|---|---|---|
| 008 | 180718b2013 xxu||||| |||| 00| 0 eng d | ||
| 100 | _aShiraz, Zakia | ||
| 245 | _aDrugs and dirty wars: intelligence cooperation in the global South | ||
| 260 | _c2013 | ||
| 300 | _ap.1749-1766. | ||
| 650 | _aIntelligence | ||
| 773 | _aThird World Quarterly | ||
| 908 | _aN | ||
| 909 | _a102849 | ||
| 999 |
_c102847 _d102847 |
||